| 000 | 01343cam a22003134a 4500 | ||
|---|---|---|---|
| 001 | 12205443 | ||
| 005 | 20060807191145.0 | ||
| 008 | 001019s2001 enk | b 001 0 eng d | ||
| 010 | _a 00051746 | ||
| 020 | _a0415221641 | ||
| 020 | _a041522165X (pbk.) | ||
| 040 |
_aDLC _cDLC _dDLC |
||
| 042 | _apcc | ||
| 043 | _ae------ | ||
| 050 | 0 | 0 |
_aJN30 _b.E942 2001 |
| 082 | 0 | 0 |
_a341.2422 _221 _bEUR |
| 245 | 0 | 0 |
_aEuropean Union : _bPower and policy-making / _cEdited by Jeremy Richardson. |
| 250 | _a2nd ed. | ||
| 260 |
_aLondon : _bRoutledge, _cc2001. |
||
| 300 |
_axvi, 388 p. ; _c25 cm. |
||
| 504 | _aIncludes bibliographical references and index. | ||
| 610 | 2 | 0 |
_aEuropean Union. _910956 |
| 651 | 0 |
_aEuropean Union countries _xPolitics and government. _910957 |
|
| 700 | 1 |
_aRichardson, J. J. _q(Jeremy John) _910958 |
|
| 856 | 4 | 2 |
_3Publisher description _uhttp://www.loc.gov/catdir/enhancements/fy0650/00051746-d.html |
| 942 |
_2ddc _cBB |
||
| 999 |
_c13279 _d13279 |
||